| 000 | 00582nam 22001693 4500 | ||
|---|---|---|---|
| 001 | 200523 | ||
| 010 | _a972-970099-1-2 | ||
| 090 | _a200523 | ||
| 100 | _a20260211d u||y0pory50 ba | ||
| 200 |
_aOlhares=Views _efragmentos para uma história da cardiologia portuguesa=fragments for a history of portuguese cardiology _fEditores Carlos Perdigão, Manuel Valente Alves |
||
| 205 | _a1º | ||
| 210 |
_aLisboa _cSociedade Portuguesa de Cardiologia _d2006 |
||
| 215 |
_a559 p. _cencaderndo _d27 cm |
||
| 675 |
_a61 _vPT _zpor |
||
| 801 |
_aPT _bBMMN _gRPC |
||
| 830 |
_cFernando _fFernando |
||
| 990 | _cLIVROS | ||